00501nam a2200193 a 4500001001300000003000900013005001700022008004100039020002300080082001500103100001600118245003700134260004400171300000900215500003500224505001700259650001500276700001600291nice12345678IN_TiNIC20260116014551.0050524s2002 lona grp 000 0 eng  a019048X c59500a304.6bIYE aIyer, Sriya aDemography and Religion in India aLondan bOxford University Press c2002 a267p aincludes index and biblioraphy2 aBibliography aDemography1 aIyer, Sriya